Yleistieto #45 - Statistics

Yleistilastot
  • Tätä visaa on pelattu 587 kertaa
  • Keskiarvotulos 8 / 15
Vastaustilastot
Vinkki Vastaus % Oikein
Mikä on San Marinon virallinen kieli? Italia
89%
Kenen hitti on "Missä muruseni on"? Jenni Vartiaisen
86%
Minkä kaupungin kaupunginosia ovat Martinlaakso ja Koivukylä? Vantaan
77%
Mistä kaupungista tulee jalkapallojoukkue Arsenal? Lontoosta
67%
Mikä 'joki' virtaa Tampereen läpi? Tammerkoski
59%
Mikä oli Ranskan rahayksikkö ennen euroa? Ranskan frangi
58%
Kuka on ohjannut elokuvat "Linnut" ja "Psyko"? Alfred Hitchcock
52%
Mikä on Italian pisin joki? Po-joki
49%
Mikä on JaskaJokusen nimi englanniksi? Charlie Brown
48%
Mitä "Ranska" on ruotsiksi? Frankrike
45%
Mikä on Japanin suosituin urheilulaji? Baseball
38%
Kuka esitti Uuno Turhapuron vaimoa Elisabethiä Turhapuro-elokuvissa? Marjatta Raita
36%
Mikä on Angolan pääkaupunki? Luanda
24%
Minkä bändin Gibb-veljekset perustivat? Bee Gees
23%
Minkä maan toiseksi suurin kaupunki on Omdurman? Sudanin
5%
Ehtoja vastaavia visoja ei löytynyt
Tulosjakauma
Jokaisen tuloksen saaneiden osuus
Persentiili vastausten määrän mukaan
Tuloshistoriasi
Et ole pelannut tätä visaa